Statystyki dla White 2115 - Wszystkie piosenki

Kliknij tutaj aby rozwiązać quiz!

Ogólne statystyki

  • Ten quiz został rozwiązany 49 razy
  • Średni wynik to 68 z 175

Statystyki odpowiedzi

Data WydaniaPłytaUtwór% Poprawnych
15.06.2018RockstarCalifornia
90%
16.05.2018RockstarLa Vida Loca
77%
12.09.2018Nowy PopBeteo ft. White 2115Popstar/Rockstar
77%
31.08.2018RockstarRockstar
77%
25.10.2019Młody KsiążęFt. KuqeRok
77%
01.06.2022Pretty Boy18
65%
14.02.2018RockstarNoc
65%
23.08.2018RockstarFt. Bedoes, KuqeNowi kumple
65%
01.01.2019Chemia EPFriz & Młody Pit ft. White 2115, Young JacobAnioł
61%
31.08.2018RockstarAnioł Stróż
61%
31.08.2018RockstarKurt Cobain
61%
07.05.2021Diamentowy LasBiałas & White 2115Diamentowy Las
58%
25.08.2020Rockstar: Do zachodu słońcaDo zachodu słońca
58%
25.10.2019Młody KsiążęMłody Książę
58%
23.06.2019Młody KsiążęMogę dziś umierać
58%
13.06.2017SB StarterNie ma boga
58%
11.01.2022Hotel Mafija 2SB MafijaParapetówa
58%
16.06.2022Pretty BoyRiRi
58%
10.01.2018RockstarSen
58%
31.08.2018RockstarFt. BiałasSos Mula
58%
06.09.2017SB StarterFt. Young MultiKimś
55%
07.07.2020Rockstar: Do zachodu słońcaPapieros
55%
24.06.2022Pretty BoyPretty Boy
55%
15.12.2021Pretty Boy (Bonus Track)Traplife
55%
31.08.2018RockstarBalmain
52%
10.09.2021Pretty BoyBroly
52%
09.08.2018RockstarCry Baby
52%
16.12.2022Rodzinny Biznes2115 ft. Taco HemingwayDresscode
52%
28.08.2020Rockstar: Do zachodu słońcaHel
52%
16.08.2018RockstarJaki ojciec taki syn
52%
31.08.2018RockstarJim Morrison
52%
15.07.2021Młody MatczakMata ft. White 2115La la la (oh oh)
52%
10.06.2020Rockstar: Do zachodu słońcaMorgan
52%
28.08.2020Rockstar: Do zachodu słońcaFt. MataOh oh (lalala)
52%
20.10.2019Młody KsiążęPałac
52%
15.10.2019Młody KsiążęTrzy Butelki
52%
28.08.2020Rockstar: Do zachodu słońca2020
48%
10.10.2019Młody KsiążęFt. Jan-rapowanie+48
48%
12.01.2022Hotel Mafija 2SB Mafija x 2115Agrest i bez
48%
09.09.2018Popkiller Młode Wilki 6Blabla
48%
28.08.2020Rockstar: Do zachodu słońcaFt. Chivas, Mr PolskaDavid
48%
16.12.2022Rodzinny Biznes2115 ft. DodaDiamenty
48%
24.06.2022Pretty BoyEasy Rider
48%
28.08.2020Rockstar: Do zachodu słońcaFt. FeliversJohnny Knoxville
48%
28.08.2020Rockstar: Do zachodu słońcaFt. SzpakuKap Kap
48%
18.01.2022Hotel Mafija 2SB MafijaLawenda
48%
31.08.2018RockstarLegenda
48%
24.06.2022Pretty BoyNajmłodszy Łajcior
48%
21.06.2022Pretty BoyFt. Kinny ZimmerPierwszy raz
48%
24.06.2022Pretty BoySąsiedzi
48%
16.12.2022Rodzinny Biznes21152115
45%
24.06.2022Pretty BoyAfterparty
45%
25.10.2019Młody KsiążęFt. Malik Montana, Pablo 2115AMG
45%
03.06.2020Hotel MafijaSB MafijaA nie pamiętasz jak?
45%
24.06.2022Pretty BoyFt. BiałasBuch na dwóch
45%
25.10.2019Młody KsiążęD.Evil
45%
25.10.2019Młody KsiążęFlesz
45%
25.10.2019Młody KsiążęGTR
45%
25.10.2019Młody KsiążęFt. ŻabsonJohn Travolta
45%
18.01.2022Hotel Mafija 2SB Mafija x Gombao 33Łyk i buch
45%
24.06.2022Pretty BoyFt. PalarMilanówek Callin'
45%
28.01.2022Hotel Mafija 2SB Mafija x 2115 (3000000 deluxe)Proste fakty
45%
16.12.2022Rodzinny Biznes2115Rodzinny Biznes
45%
25.10.2019Młody KsiążęTriple S
45%
04.05.2020#Hot16challenge2White 2115 #Hot16challenge2
45%
30.04.2022Rodzinny Biznes2115Więcej dymu
45%
28.08.2020Rockstar: Do zachodu słońcaWschód (Intro)
45%
28.08.2020Rockstar: Do zachodu słońcaZachód (Outro)
45%
28.06.2021Pretty Boy (Bonus Track)Booker (baw się)
42%
20.07.2022Rodzinny Biznes2115Bruce
42%
25.10.2019Młody KsiążęByliśmy tu
42%
21.02.2017Piosenka o miłości2115Czarownica
42%
13.01.2022Hotel Mafija 2SB Mafija x 2115Doba hotelowa
42%
16.12.2022Rodzinny Biznes2115 ft. Szpaku, ChivasGUGU x 2115
42%
01.06.2020Hotel MafijaSB MafijaHotel Mafija
42%
24.06.2022Pretty BoyIntro
42%
24.09.2019Młody KsiążęFt. ЛУНAIntruz
42%
07.05.2021Diamentowy LasBiałas & White 2115Jesień w Diamentowym Lesie
42%
13.05.2022LetniskoKinny Zimmer ft. White 2115Jezioro
42%
25.10.2019Młody KsiążęFt. PlanBeM550i
42%
30.12.2020Nauczyłem się przeklinaćChivas ft. White 2115Mam na twarzy krew i tym razem nie jest sztuczna
42%
07.05.2021Diamentowy LasBiałas & White 2115Mutanci
42%
25.10.2019Młody KsiążęNa Zawsze
42%
28.08.2020Rockstar: Do zachodu słońcaFt. BiałasParę K
42%
20.10.2022Singiel2115 x Lil YachtyPoland Remix
42%
20.08.2020Rockstar: Do zachodu słońcaPorsche
42%
08.07.2022Pretty Girl EPSaint Tropez
42%
28.08.2020Rockstar: Do zachodu słońcaSkrywam
42%
26.08.2019InternaziomalŻabson ft. White 2115, BeteoSmall Town Boy
42%
17.12.2021ToxicYoung Multi ft. White 2115Toxic Luv
42%
25.10.2019Młody KsiążęWampir
42%
25.10.2019Młody KsiążęDMC
39%
21.05.2021Nauczyłem się przeklinaćChivas ft. White 2115, SzpakuHellcat Redeye
39%
24.11.2022Rodzinny Biznes2115 ft. PressaI'm a star now
39%
28.08.2020Rockstar: Do zachodu słońcaJesteśmy tu
39%
27.07.2020Rockstar: Do zachodu słońcaKrzyki na blokach
39%
11.01.2017SingielFt. BedoesŁańcuch
39%
17.01.2022Hotel Mafija 2SB MafijaPrometazyna
39%
07.05.2021Diamentowy LasBiałas & White 2115Różowy śnieg
39%
07.05.2021Diamentowy LasBiałas & White 2115Święto ogródka
39%
25.10.2019Młody Książę (Bonus Track)Tańczę
39%
16.12.2021Murem za BonusemBiałas ft. White 2115, Kizo, Skute BoboTop10
39%
29.08.2019SingielTraproom
39%
07.05.2021Diamentowy LasBiałas & White 2115Afera
35%
24.06.2022Pretty BoyBulletproof
35%
08.09.2022Rodzinny Biznes2115Ketchup
35%
07.05.2021Diamentowy LasBiałas & White 2115Korzenie w bagnie
35%
07.05.2021Diamentowy LasBiałas & White 2115Lombard dusz
35%
08.07.2022Pretty Girl EPNic na pokaz
35%
21.06.2018Popkiller Młode Wilki 6Nic za darmo
35%
25.10.2019Młody KsiążęNie Chcę
35%
24.06.2022Pretty BoyŚliczny chłopiec
35%
01.02.2020H8Białas ft. White 2115Sweet Home
35%
16.12.2022Rodzinny Biznes2115White 2115 Skit
35%
29.11.2019Opowieści z Doliny SmokówBedoes & Lanek feat. Kosa, White 2115Wschód (lubię zapierdalać)
35%
16.09.2018777Zeamsone ft. White 2115ABCD
32%
08.04.2022ExtravaganzaLanek ft. White 2115Bakteria
32%
26.05.2022Rodzinny Biznes2115Bedoesiara
32%
04.06.2020Hotel MafijaSB MafijaDla sióstr
32%
20.12.2019Mafija Jest Na Zawsze MixtapeGubię Kroki
32%
13.10.2022Rodzinny Biznes2115Na krańcu świata
32%
07.05.2021Diamentowy LasBiałas & White 2115Nie lubię ku
32%
25.10.2019Młody Książę (Bonus Track)Nie ma łez
32%
05.10.2021Znowu Razem MixtapeSB Mafija (White 2115, Palar)Shakira
32%
07.05.2021Diamentowy LasBiałas & White 2115Spacer po lecie
32%
04.08.2022Rodzinny Biznes2115Turysta
32%
23.09.2021SauceDeemz ft. White 2115, Piotr RoguckiZaopiekuj się
32%
09.08.2017SingielAmerican Pie
29%
02.06.2020Hotel MafijaSB MafijaBiorę się w garść
29%
14.06.2019+18Kubi Producent ft. White 2115, Adi NowakChemia Miłości
29%
10.02.2020Mafija Jest Na Zawsze MixtapeSB Mafija (Beteo, Białas, Mata, Adi Nowak, White 2115, Lanek)Co ty na to?
29%
07.05.2021Diamentowy LasBiałas & White 2115Czysty diament
29%
16.08.2018TrapolloŻabson ft. White 2115Di Maria
29%
15.06.2021SauceDeemz ft. White 2115, DonguraleskoFresh
29%
20.10.2021Ognisko NiedomoweAdi Nowak ft. White 2115Hestia
29%
16.12.2022Rodzinny Biznes2115Jagiełło
29%
30.05.2019+18Kubi Producent ft. White 2115Marlboro
29%
10.04.2021Jak Spadały GwiazdyMoli ft. White 2115Mr. Deeds
29%
07.05.2021Diamentowy LasBiałas & White 2115Pierwszy słońca blask
29%
18.01.2022Hotel Mafija 2SB MafijaPostanowienia noworoczne
29%
16.12.2022Rodzinny Biznes2115 ft. Mr PolskaStrobo
29%
05.06.2020Hotel MafijaSB MafijaZimna noc i szybkie auta
29%
16.12.2022Rodzinny Biznes2115 ft. PezetCatalina
26%
16.12.2022Rodzinny Biznes2115Kafa Leyla
26%
05.10.2021Znowu Razem MixtapeSB Mafija (White 2115, Białas, Janusz Walczuk, Solar, Beteo)Livin Proof
26%
28.08.2020Rockstar: Do zachodu słońca (Bonus Track)Ft. Blacha 2115Ok
26%
12.11.2021Ognisko NiedomoweAdi Nowak ft. White 2115, BiałasParty u Cheerleaderek
26%
16.12.2022Rodzinny Biznes2115 ft. Young MultiTeraz albo nigdy
26%
30.07.2021Znowu Razem MixtapeSB Mafija (White 2115, Jan-rapowanie, Solar, Lanek)Znowu wieje wiatr
26%
21.05.2017Trapical MoonBlacha ft. White 2115Bez moich braci
23%
30.10.2018SingielHellfield X Bandura ft. White 2115Piąta Rano
23%
16.12.2022Rodzinny Biznes2115Walizki
23%
16.12.2022Rodzinny Biznes2115Ninja
19%
08.07.2022Pretty Girl EPPół życia
19%
16.12.2022Rodzinny Biznes2115 ft. Kaz BałaganeRottweiler
19%
10.02.2020Mafija Jest Na Zawsze MixtapeSB Mafija (ADM, Białas, White 2115, Mata, Beteo, Lanek)Sam sobie jadę
19%
16.12.2022Rodzinny Biznes2115Weekend 2115
19%
20.10.2017SingielFt. KuqeBacardi
16%
28.06.2019FamaBlacha ft. White 2115Lele
16%
01.10.2017SingielBlacha ft. Bedoes, White 2115Młody Tarzan
16%
30.09.2022Muzyka KomercyjnaPezet ft. Bedoes, White 2115Tatuaże i Motocykle
16%
16.12.2022Rodzinny Biznes2115Adele Skit
13%
18.02.2017Aby Śmierć Miała ZnaczenieBedoes & Kubi Producent ft. White 2115Jon Snow
13%
25.10.2019Młody Książę (Bonus Track)Mnie
13%
27.06.2020SB MafijaWizja lokalna: Kamień
13%
12.04.2017SingielFrank Slade
10%
05.02.2017Piosenka o miłości2115Parkometr
10%
16.12.2022Rodzinny Biznes2115Wyglądam podejrzanie
10%
07.10.2022Logo EPBeteo ft. White 2115Złoto i Dziewczyny 2012
10%
03.01.2017SingielŚliski parkiet
6%
01.06.2018Trapical MoonBlacha ft. White 2115Carpe Diem
3%
28.06.2019FamaBlacha ft. White 2115Trap Living
3%
09.07.2018SingielBlady ft. White 2115, EjtenZakochany Kundel
3%
26.05.2018SingielMłody Pit ft. White 2115, Young JacobPłonie Blok
0%
14.09.2017In Hajs We Trust MixtapeBiałas & Lanek ft. White 2115Trap House
0%

Rozkład punktacji

Percentyl według liczby udzielonych odpowiedzi

Procent ludzi z każdym wynikiem

Twoja historia wyników

Nie rozwiązałeś tego quizu